| 000 | 02682nam a2200313Ia 4500 | ||
|---|---|---|---|
| 003 | OSt | ||
| 005 | 20210204171349.0 | ||
| 008 | 191128s2015 sp fr 001 0dspa d | ||
| 020 | _a9788472096707 | ||
| 040 |
_aCO-JMCR _cCO-JMCR |
||
| 041 | 1 |
_aspa _heng |
|
| 082 | 0 | 4 |
_a330.01 / _bV945a _223 |
| 100 | 1 |
_aVon Mises, Ludwig, _eautor _92071 |
|
| 245 | 1 | 3 |
_aLa acción humana : _btratado de economía / _cLudwig Von Mises ; estudio preliminar de Jesús Huerta de Soto ; traducción de Joaquín Reig Albiol |
| 250 | _aUndécima edición | ||
| 260 |
_aMadrid : _bUnión Editorial, _c2015 |
||
| 300 |
_alxxiv, 1068 páginas ; _c24 cm. |
||
| 490 | 0 | _aClásicos de la libertad | |
| 500 | _aIncluye notas a pie de página, datos y fotografía del autor e índice de nombres y materias. | ||
| 505 | 0 | _aLa acción humana -- La acción en el marco de la sociedad -- El cálculo económico -- La cataláctica o la teoría del mercado -- La cooperación social en ausencia del mercado -- El mercado intervenido -- El lugar de la economía en la sociedad | |
| 520 | 3 | _aEn la presente obra se exponen, con admirable lógica y claridad, los principios y fundamentos esenciales de la ciencia económica, encuadrada en una teoría general de la acción humana o praxeología. Sobre esta base, y siguiendo una metodología apriorístico-deductiva en la línea de la concepción subjetivista típica de la Escuela Austriaca, se analizan también las principales cuestiones de la Economía y de la Política Económica de nuestro tiempo. El cálculo económico y monetario, el funcionamiento del mercado y la formación de los precios, el dinero, el interés y el crédito, los ciclos económicos, la crucial función del empresario y de los factores de producción, especialmente el capital y el trabajo, el papel del gobierno en la economía, el intervencionismo, la manipulación del dinero y el crédito, la fiscalidad, la imposibilidad del cálculo económico en el socialismo, el sindicalismo, el corporativismo, la economía de guerra, así como el lugar que la Economía ocupa en el sistema de las ciencias y en la sociedad, etc., son los principales temas que conforman esta obra magistral, formidable construcción teórica realizada - en palabras del principal discípulo de Mises, el premio Nobel Friedrich A. Hayek- por "uno de los grandes pensadores de nuestro tiempo". | |
| 534 | _pHuman action, a treatise on economics | ||
| 546 | _aTraducido del inglés | ||
| 650 | 1 | 4 |
_aEconomía _95159 |
| 650 | 1 | 4 |
_aEconomía política _95160 |
| 700 | 1 |
_aHuerta de Soto, Jesús, _eestudio preliminar _95161 |
|
| 700 | 1 |
_aReig Albiol, Joaquín, _etraductor _95162 |
|
| 942 |
_2ddc _cBK |
||
| 999 |
_c4764 _d4764 |
||